Đặc điểm tu từ ngữ nghĩa trong thơ Hàn Mặc Tử
Những vấn đề lí luận liên quan đến đề tài. Các phương thức tu từ ngữ nghĩa trong thơ Hàn Mặc Tử. Vai trò của các phương thức tu từ ngữ nghĩa trong thơ Hàn Mặc Tử
محفوظ في:
| المؤلف الرئيسي: | |
|---|---|
| مؤلفون آخرون: | |
| التنسيق: | كتاب |
| اللغة: | Vietnamese |
| منشور في: |
Đà Nẵng
Đại học Sư phạm, Đại học Đà Nẵng
2013
|
| الموضوعات: | |
| الوسوم: |
إضافة وسم
لا توجد وسوم, كن أول من يضع وسما على هذه التسجيلة!
|
| Thư viện lưu trữ: | Mạng thư viện Đại học Đà Nẵng |
|---|
| LEADER | 01742nam a2200397 4500 | ||
|---|---|---|---|
| 001 | 000018984 | ||
| 003 | 15419 | ||
| 005 | 20140313090339.0 | ||
| 008 | 140225s2013 viesd | ||
| 041 | |a vie | ||
| 072 | |a VH | ||
| 082 | 1 | 4 | |a 895.922132 |b NG-T |
| 100 | 1 | |a Nguyễn Thị Kim Trang | |
| 245 | 1 | 0 | |a Đặc điểm tu từ ngữ nghĩa trong thơ Hàn Mặc Tử |c Nguyễn Thị Kim Trang ; Bùi Trọng Ngoãn hướng dẫn |k Khóa luận tốt nghiệp |
| 260 | |a Đà Nẵng |b Đại học Sư phạm, Đại học Đà Nẵng |c 2013 | ||
| 300 | |a 73 tr. |c 29 cm. | ||
| 500 | |a Khóa luận tốt nghiệp đại học. Chuyên ngành: Cử nhân Văn học | ||
| 520 | |a Những vấn đề lí luận liên quan đến đề tài. Các phương thức tu từ ngữ nghĩa trong thơ Hàn Mặc Tử. Vai trò của các phương thức tu từ ngữ nghĩa trong thơ Hàn Mặc Tử | ||
| 600 | 1 | 4 | |a Hàn Mặc Tử |d 1912-1940 |
| 650 | 0 | 4 | |a Thơ Việt Nam |v Khóa luận tốt nghiệp |x Hàn Mặc Tử |x Từ ngữ |
| 653 | |a Khoa Ngữ văn | ||
| 653 | |a Thơ Việt Nam | ||
| 653 | |a Tu từ ngữ nghĩa | ||
| 653 | |a Hàn Mặc Tử | ||
| 653 | |a Văn học Việt Nam | ||
| 700 | 1 | |a Bùi Trọng Ngoãn |c TS. |e Hướng dẫn | |
| OWN | |a LSP | ||
| AVA | |a UDN50 |b LSP |d 895.922132 NG-T |e available |t Error 5001 Not defined in file expand_doc_bib_avail. |f 1 |g 0 |h N |i 0 |k 1 | ||
| 999 | |a From the UDN01 | ||
| AVA | |a UDN50 |b LSP |d 895.922132 NG-T |e available |t Error 5001 Not defined in file expand_doc_bib_avail. |f 1 |g 0 |h N |i 0 |k 1 | ||
| TYP | |a Monograph | ||
| TYP | |a Printed language | ||
| 980 | |a Mạng thư viện Đại học Đà Nẵng | ||